000
00504nam a2200145Ia 4500
008
100204s9999 xx 000 0 und d
082
_b
25142
100
_a
तारखेडकर ए. आर.
245
_a
वास्तूशास्त्र
260
_b
कॉस्मो पब्लिशिंग हाऊस इंडिया
_c
2001 6
300
_a
167
630
_a
वास्तूशास्त्र
730
_a
वास्तूशास्त्र
942
_c
BOOK
999
_c
470323
_d
470320